| 000 | 01097nam0a22002771 4500 | ||
|---|---|---|---|
| 001 | rc\4475463 | ||
| 005 | 20250612093516.0 | ||
| 021 |
_aRU _b[58-44032] |
||
| 035 | _a(NLR Aleph) 008598870 | ||
| 090 |
_a8691124 _c8691124 |
||
| 100 | _a20130416d1958 |||y0rusy50 ca | ||
| 101 | 0 | _arus | |
| 102 | _aRU | ||
| 105 | _ay z ||||| | ||
| 200 | 1 |
_aЗа высокие урожаи кукурузы _e(Из опыта колхоза "Большевикас" Каунасского района) _fМ-во сельского хозяйства Лит. ССР |
|
| 210 |
_aВильнюс _cГосполитнаучиздат _d1958 |
||
| 215 |
_a14 с. _d19 |
||
| 225 | 1 | _a[Участник Всесоюзной сельскохозяйственной выставки по Литовской ССР] | |
| 300 | _aНа обл. авт. не указан | ||
| 606 |
_aКукуруза _xВозделывание _yЛитовская ССР _2psbo |
||
| 700 | 1 |
_aКрюкялис _bБ.Т. |
|
| 801 | 0 |
_aRU _bNLR _gpsbo |
|
| 801 | 1 |
_aRU _bELAR _2rusmarc |
|
| 852 |
_aNLR _j58-4/12034 |
||
| 942 | _cBOOK | ||
| 980 | _aNB | ||